[Event "Gibtelecom Masters"]
[Site "Gibraltar"]
[Date "2009.01.31"]
[Round "5.34"]
[White "Obers, Frits"]
[Black "D'Costa, Lorin A R"]
[Result "0-1"]
[WhiteElo "2107"]
[BlackElo "2445"]
[PlyCount "120"]
[EventDate "2009.01.27"]

1. Nf3 Nf6 2. c4 e6 3. g3 a6 4. Bg2 b5 5. cxb5 axb5 6. Qb3 c6 7. O-O d5 8. d4
Nbd7 9. Bd2 b4 10. Bxb4 Qb6 11. Ba3 Bxa3 12. Qxb6 Nxb6 13. Nxa3 Na4 14. Rab1
Ba6 15. Rfe1 Ke7 16. Ne5 Rhc8 17. e3 c5 18. dxc5 Rxc5 19. Bf1 Bxf1 20. Kxf1 Ne4
21. Nd3 Nd2+ 22. Ke2 Nxb1 23. Nxc5 Nxa3 24. Nxa4 Rxa4 25. bxa3 Rxa3 26. Ra1 Kd6
27. Kd2 Ke5 28. Kc2 Ke4 29. Kb2 Ra7 30. a4 Kf3 31. Kc3 Kxf2 32. Kd4 Ra5 33.
Ra2+ Kf3 34. Ra3 Kg2 35. Ra2+ Kf3 36. Ra3 f6 37. e4+ Kg4 38. exd5 exd5 39. Ra2
Kf5 40. Rf2+ Ke6 41. Ra2 Kd6 42. Ra3 h5 43. Ra2 g5 44. Ra3 f5 45. Ra2 f4 46.
gxf4 gxf4 47. h3 Ke6 48. Re2+ Kf6 49. Ra2 Ke6 50. Re2+ Kd6 51. Ra2 h4 52. Ra1
Ke6 53. Re1+ Kf5 54. Ra1 f3 55. Ke3 f2 56. Kxf2 Ke4 57. Ke2 d4 58. Rg1 Rxa4 59.
Rg4+ Kd5 60. Rxh4 d3+ 0-1

[Event "Gibtelecom Masters"]
[Site "Gibraltar"]
[Date "2009.01.31"]
[Round "5.35"]
[White "Sachdev, Tania"]
[Black "Kandic, Milan"]
[Result "1/2-1/2"]
[WhiteElo "2435"]
[BlackElo "2208"]
[PlyCount "82"]
[EventDate "2009.01.27"]

1. d4 d5 2. c4 e6 3. Nc3 Nf6 4. cxd5 exd5 5. Bg5 c6 6. Qc2 Be7 7. e3 O-O 8. Bd3
h6 9. Bh4 Re8 10. Nf3 Ne4 11. Bxe7 Qxe7 12. O-O Nd7 13. Rab1 Ndf6 14. b4 Nxc3
15. Qxc3 Ne4 16. Qc2 a6 17. a4 Qf6 18. Ne5 Bf5 19. f3 Nd6 20. e4 Be6 21. Qc5
Rad8 22. Rbe1 Qe7 23. Qc3 Qc7 24. Bb1 f5 25. exf5 Bxf5 26. Ba2 Nf7 27. Nd3 Qd6
28. Nc5 Rxe1 29. Rxe1 Rb8 30. Qe3 Qg6 31. Kf2 Nd6 32. g4 Bxg4 33. fxg4 Rf8+ 34.
Kg2 Re8 35. Qg3 Rxe1 36. Qxe1 Qxg4+ 37. Qg3 Qe2+ 38. Qf2 Qg4+ 39. Qg3 Qe2+ 40.
Kg1 Qd1+ 41. Kg2 Qe2+ 1/2-1/2

[Event "Gibtelecom Masters"]
[Site "Gibraltar"]
[Date "2009.01.31"]
[Round "5.36"]
[White "Karim, Ismael"]
[Black "Lovik, Lasse Ostebo"]
[Result "1/2-1/2"]
[WhiteElo "2407"]
[BlackElo "2184"]
[PlyCount "43"]
[EventDate "2009.01.27"]

1. e4 e5 2. Nf3 Nf6 3. d4 Nxe4 4. Bd3 d5 5. Nxe5 Nd7 6. Nc3 Bb4 7. O-O Nxe5 8.
dxe5 Nxc3 9. bxc3 Bxc3 10. Rb1 Qe7 11. f4 Bd7 12. Kh1 O-O-O 13. Qf3 Bd4 14.
Qxd5 Bb6 15. Qf3 Bc6 16. Be4 Bxe4 17. Qxe4 Qe6 18. Be3 Qd5 19. Qf5+ Qd7 20. Qe4
Qd5 21. Qf5+ Qd7 22. Qe4 1/2-1/2

[Event "Gibtelecom Masters"]
[Site "Gibraltar"]
[Date "2009.01.31"]
[Round "5.37"]
[White "Bruno, Fabio"]
[Black "Haugstad, Espen"]
[Result "1-0"]
[WhiteElo "2460"]
[BlackElo "2114"]
[PlyCount "31"]
[EventDate "2009.01.27"]

1. d4 d5 2. Bf4 Nf6 3. e3 e6 4. Nf3 c5 5. c3 Nc6 6. Nbd2 Bd6 7. Bg3 O-O 8. Bd3
Re8 9. Ne5 Bxe5 10. dxe5 Nd7 11. Nf3 Qc7 12. O-O g6 13. e4 d4 14. Qd2 Nb6 15.
Qh6 Nd7 16. Bb5 1-0

[Event "Gibtelecom Masters"]
[Site "Gibraltar"]
[Date "2009.01.31"]
[Round "5.40"]
[White "Welling, Gerard"]
[Black "Heinis, Vincent"]
[Result "1/2-1/2"]
[WhiteElo "2371"]
[BlackElo "2170"]
[PlyCount "106"]
[EventDate "2009.01.27"]

1. e4 d5 2. exd5 Qxd5 3. Nc3 Qa5 4. Bc4 Nf6 5. d3 Bg4 6. Nge2 Nc6 7. Bd2 Qh5 8.
f3 Bd7 9. Ng3 Qh4 10. O-O Ne5 11. Bb3 e6 12. Nce4 Nxe4 13. Nxe4 h6 14. Be1 Qh5
15. d4 Nc6 16. Ng3 Qg6 17. c3 O-O-O 18. Bc2 f5 19. b4 Qf7 20. a4 g5 21. Bf2 Bg7
22. Qb1 h5 23. a5 h4 24. Ne2 a6 25. b5 Nb8 26. Bd3 Bxb5 27. Bxb5 axb5 28. Qxb5
c6 29. Qc4 Na6 30. Rfb1 Rd7 31. Rb6 e5 32. Rxc6+ bxc6 33. Qxa6+ Kd8 34. dxe5
Qd5 35. Nd4 Bxe5 36. Nxc6+ Kc7 37. Nxe5 Qd1+ 38. Rxd1 Rxd1+ 39. Be1 Rxe1+ 40.
Kf2 Rxe5 41. Qb6+ Kd7 42. f4 gxf4 43. a6 h3 44. a7 Ree8 45. gxh3 Rc8 46. c4 Ra8
47. c5 Rhc8 48. c6+ Kd6 49. Kf3 Rc7 50. Kxf4 Raxa7 51. Kxf5 Rf7+ 52. Ke4 Rac7
53. Qd4+ Kxc6 1/2-1/2

[Event "Gibtelecom Masters"]
[Site "Gibraltar"]
[Date "2009.01.31"]
[Round "5.41"]
[White "Capo Vidal, Uriel"]
[Black "Perez Aleman, Pedro Tomas"]
[Result "0-1"]
[WhiteElo "2336"]
[BlackElo "2160"]
[PlyCount "51"]
[EventDate "2009.01.27"]

1. d4 Nf6 2. c4 g6 3. Nc3 Bg7 4. e4 d6 5. f4 O-O 6. Nf3 Na6 7. e5 Nd7 8. Be2 c5
9. exd6 exd6 10. d5 Nc7 11. O-O Nf6 12. Bd3 b5 13. cxb5 a6 14. bxa6 Bxa6 15. f5
Qb8 16. Rf2 Ng4 17. Re2 c4 18. Bc2 Qb6+ 19. Kf1 Rae8 20. h3 Rxe2 21. Qxe2 Re8
22. Qxe8+ Nxe8 23. hxg4 Nf6 24. Ke1 Nxg4 25. Nd1 c3 26. bxc3 0-1

[Event "Gibtelecom Masters"]
[Site "Gibraltar"]
[Date "2009.01.31"]
[Round "5.42"]
[White "Erdelyi, Tamas"]
[Black "Klinova, Masha"]
[Result "1/2-1/2"]
[WhiteElo "2152"]
[BlackElo "2328"]
[PlyCount "61"]
[EventDate "2009.01.27"]

1. Nf3 g6 2. c4 Bg7 3. Nc3 d6 4. g3 e5 5. Bg2 f5 6. d3 Nf6 7. O-O Nc6 8. Rb1 a5
9. a3 O-O 10. b4 axb4 11. axb4 h6 12. b5 Ne7 13. Nd2 g5 14. Qb3 Kh8 15. Ba3 g4
16. c5 d5 17. c6 bxc6 18. bxc6 e4 19. dxe4 fxe4 20. Bxe7 Qxe7 21. Nxd5 Nxd5 22.
Qxd5 e3 23. fxe3 Qxe3+ 24. Kh1 Ba6 25. Rxf8+ Rxf8 26. Rf1 Re8 27. Be4 Bxe2 28.
Qf5 Rxe4 29. Nxe4 Bxf1 30. Qc8+ Kh7 31. Qf5+ 1/2-1/2

[Event "Gibtelecom Masters"]
[Site "Gibraltar"]
[Date "2009.01.31"]
[Round "5.43"]
[White "Miedema, Roi"]
[Black "Whitehead, David J"]
[Result "1-0"]
[WhiteElo "2325"]
[BlackElo "2155"]
[PlyCount "103"]
[EventDate "2009.01.27"]

1. d4 f5 2. g3 Nf6 3. Bg2 e6 4. Nf3 Be7 5. O-O O-O 6. b3 d6 7. Bb2 Qe8 8. c4 a5
9. Qc2 Nc6 10. Nbd2 Qg6 11. Rae1 Bd7 12. a3 Rae8 13. e4 Nxe4 14. Nxe4 fxe4 15.
Qxe4 Qxe4 16. Rxe4 Bf6 17. Rd1 Re7 18. h4 Rfe8 19. Bh3 Nd8 20. Ne5 Bc8 21. Ng4
Nf7 22. Rde1 b6 23. f4 e5 24. Nxf6+ gxf6 25. Bxc8 Rxc8 26. dxe5 dxe5 27. fxe5
Nxe5 28. Bxe5 Rce8 29. Kf2 Rxe5 30. Rxe5 fxe5 31. Rd1 Re7 32. Ke3 Kf7 33. Ke4
Kf6 34. g4 Kf7 35. b4 axb4 36. axb4 Kf6 37. Rf1+ Ke6 38. Rf5 Rd7 39. Rxe5+ Kf6
40. h5 Rg7 41. Rf5+ Ke6 42. g5 Rd7 43. Rf6+ Ke7 44. Rh6 Kf8 45. Ke5 Kg7 46. Rf6
Rd1 47. h6+ Kg8 48. Ke6 Rd4 49. c5 Rxb4 50. c6 Ra4 51. Kd7 Ra7 52. Rf5 1-0

[Event "Gibtelecom Masters"]
[Site "Gibraltar"]
[Date "2009.01.31"]
[Round "5.44"]
[White "Armbrust, Florian"]
[Black "Bates, Caspar J"]
[Result "0-1"]
[WhiteElo "2321"]
[BlackElo "2142"]
[PlyCount "118"]
[EventDate "2009.01.27"]

1. e4 e5 2. Nf3 Nc6 3. Bb5 a6 4. Bxc6 dxc6 5. O-O Bg4 6. h3 Bxf3 7. Qxf3 Qf6 8.
Qxf6 Nxf6 9. d3 Nd7 10. f4 exf4 11. Bxf4 O-O-O 12. Be3 f6 13. Nd2 Nc5 14. Nf3
Ne6 15. Rad1 Be7 16. g4 Rhe8 17. Kg2 c5 18. h4 b6 19. h5 h6 20. Nh4 Bd6 21. Nf5
Be5 22. c3 Rd7 23. Kf3 Red8 24. Ke2 a5 25. a4 Kb7 26. Nh4 c6 27. Ng6 Bc7 28.
Rd2 Bb8 29. Rfd1 Re8 30. Nh4 Bc7 31. Nf5 Bf4 32. Rf1 Bxe3 33. Nxe3 Ng5 34. Nc4
Kc7 35. Ke3 Rde7 36. Rb1 Ra8 37. b3 Re6 38. Rdb2 Re7 39. Rf1 Re6 40. Rf5 Re7
41. Rf1 Re6 42. Kf4 Rd8 43. Ke3 Ra8 44. Re1 Rae8 45. Kf4 Rd8 46. Re3 Re7 47. b4
cxb4 48. cxb4 Ne6+ 49. Kg3 axb4 50. Rxb4 Nc5 51. Rxb6 Rxd3 52. Rxd3 Nxd3 53.
Rb3 Nc5 54. Ra3 Rxe4 55. Nb2 Rb4 56. Ra2 Ne4+ 57. Kf3 Nc3 58. Ra3 Nb1 59. Ra2
Rb3+ 0-1

[Event "Gibtelecom Masters"]
[Site "Gibraltar"]
[Date "2009.01.31"]
[Round "5.45"]
[White "Ripari, Marcelo"]
[Black "Samuelsson, Sven-Gunnar"]
[Result "1/2-1/2"]
[WhiteElo "2313"]
[BlackElo "2142"]
[PlyCount "52"]
[EventDate "2009.01.27"]

1. e4 c6 2. d4 d5 3. Nd2 dxe4 4. Nxe4 Nd7 5. Bc4 Ngf6 6. Ng5 e6 7. Qe2 Nb6 8.
Bd3 h6 9. N5f3 c5 10. Be3 Nbd7 11. Ne5 cxd4 12. Bxd4 Bc5 13. Bxc5 Nxc5 14. Bb5+
Ncd7 15. Ngf3 O-O 16. O-O-O Qc7 17. Nxd7 Bxd7 18. Bxd7 Nxd7 19. Qe3 Rac8 20.
Rd2 a6 21. Kb1 b5 22. Qa3 Nc5 23. Re1 a5 24. Qe3 Nd7 25. Nd4 Rb8 26. Qg3 Qxg3
1/2-1/2

[Event "Gibtelecom Masters"]
[Site "Gibraltar"]
[Date "2009.01.31"]
[Round "5.46"]
[White "Arnott, Jonathan W"]
[Black "Jessel, Stephen"]
[Result "0-1"]
[WhiteElo "2117"]
[BlackElo "2296"]
[PlyCount "90"]
[EventDate "2009.01.27"]

1. e4 e6 2. d4 d5 3. e5 c5 4. c3 Nc6 5. Nf3 Qb6 6. a3 a5 7. Bd3 Nh6 8. O-O cxd4
9. cxd4 Nf5 10. Bxf5 exf5 11. Nc3 Be6 12. Be3 h6 13. Na4 Qb5 14. Ne1 Be7 15.
Nd3 O-O 16. Nac5 Rfe8 17. Nxe6 fxe6 18. Nf4 Bg5 19. Qd2 Bxf4 20. Bxf4 Qb6 21.
Rfd1 Re7 22. h4 a4 23. Rac1 Na5 24. Bxh6 gxh6 25. Qxh6 Rh7 26. Qf4 Qd8 27. Rd3
Qxh4 28. Rg3+ Kh8 29. Qxh4 Rxh4 30. Rg6 Re8 31. Rc3 Rh7 32. Rcg3 Nc6 33. f4
Nxd4 34. Kf2 Nc6 35. Ke3 Na5 36. Kd4 Nb3+ 37. Kc3 Nc5 38. Kb4 Ne4 39. Rd3 Rg7
40. Rh3+ Kg8 41. Rgh6 Kf7 42. Kxa4 d4 43. Kb5 Rd8 44. Kc4 d3 45. Rxd3 b5+ 0-1

[Event "Gibtelecom Masters"]
[Site "Gibraltar"]
[Date "2009.01.31"]
[Round "5.47"]
[White "Collier, David O"]
[Black "Thomassen, Joachim"]
[Result "1-0"]
[WhiteElo "2083"]
[BlackElo "2290"]
[PlyCount "95"]
[EventDate "2009.01.27"]

1. d4 d5 2. c4 c6 3. Nf3 Nf6 4. Nc3 e6 5. Bg5 dxc4 6. e4 b5 7. e5 h6 8. Bh4 g5
9. exf6 gxh4 10. Ne5 Qxf6 11. g3 Nd7 12. Qe2 Bb7 13. Bg2 a6 14. O-O h3 15. Bh1
Be7 16. Bxc6 Bxc6 17. Nxc6 Qf5 18. Rad1 Bf6 19. Rfe1 O-O 20. Qe3 Rfe8 21. Ne5
Rad8 22. g4 Qg5 23. f4 Qg7 24. Qxh3 Bxe5 25. fxe5 f5 26. exf6 Nxf6 27. Re2 b4
28. Ne4 Nd5 29. Qg3 Rf8 30. Nc5 Nf4 31. Re4 e5 32. h3 a5 33. Rde1 Rxd4 34. Rxe5
Rd2 35. Qe3 Rxb2 36. Ne6 Qb7 37. Nxf4 Rxa2 38. Re7 Qc6 39. Re6 Qd7 40. Rg6+ Kh7
41. Rxh6+ Kg8 42. Rg6+ Kh7 43. Qe7+ Qxe7 44. Rxe7+ Kh8 45. Ne6 Ra1+ 46. Kg2
Ra2+ 47. Kg3 Ra3+ 48. Kh4 1-0

[Event "Gibtelecom Masters"]
[Site "Gibraltar"]
[Date "2009.01.31"]
[Round "5.50"]
[White "Tscharotschkin, Michael"]
[Black "Vinas Guerrero, Carlos A"]
[Result "0-1"]
[WhiteElo "2248"]
[BlackElo "2104"]
[PlyCount "68"]
[EventDate "2009.01.27"]

1. e4 e5 2. Nf3 Nc6 3. d4 exd4 4. Nxd4 Bc5 5. Be3 Qf6 6. c3 Qg6 7. Nd2 Nf6 8.
f3 d5 9. Qc2 dxe4 10. O-O-O Nd5 11. Re1 Nxe3 12. Rxe3 O-O 13. fxe4 Nxd4 14.
cxd4 Bxd4 15. Rd3 c5 16. Rg3 Qh6 17. Kb1 Be6 18. Nf3 Rac8 19. Ng5 Bd7 20. Bc4
b5 21. Bd5 Be5 22. Nxf7 Rxf7 23. Bxf7+ Kxf7 24. Rf3+ Kg8 25. Rhf1 Qg6 26. Ka1
h6 27. h3 Be6 28. g4 Bc4 29. Rd1 Qe6 30. Ra3 a6 31. Kb1 b4 32. Rf3 Bxa2+ 33.
Ka1 Bc4 34. Rf5 Bb3 0-1

[Event "Gibtelecom Masters"]
[Site "Gibraltar"]
[Date "2009.01.31"]
[Round "5.51"]
[White "Dimitrijevic, Dragan"]
[Black "Natalicchio Escalante, Nic"]
[Result "0-1"]
[WhiteElo "2069"]
[BlackElo "2238"]
[PlyCount "74"]
[EventDate "2009.01.27"]

1. e4 c5 2. c3 d5 3. exd5 Qxd5 4. d4 g6 5. dxc5 Qxc5 6. Be3 Qc7 7. Na3 Nc6 8.
Nf3 Nf6 9. Nb5 Qb8 10. Be2 Bg7 11. O-O O-O 12. h3 Rd8 13. Qa4 a6 14. Na3 Nd5
15. Bg5 h6 16. Bh4 b5 17. Qc2 Bf5 18. Qc1 Qb7 19. Nc2 Rac8 20. Rd1 b4 21. c4
Nb6 22. Rxd8+ Rxd8 23. Ne3 Be4 24. Bd1 Nd4 25. Nd2 Bc6 26. Nb3 Nxb3 27. Bxb3
Bd4 28. f3 a5 29. Bd1 Nxc4 30. Qxc4 Bxe3+ 31. Kh1 Qb5 32. Qxb5 Bxb5 33. Bxe7
Rd2 34. Bf6 Bf1 35. Rc1 Bxg2+ 36. Kh2 Bf4+ 37. Kg1 Bxh3 0-1

[Event "Gibtelecom Masters"]
[Site "Gibraltar"]
[Date "2009.01.31"]
[Round "5.52"]
[White "Hartvig, Ove Weiss"]
[Black "Ercan, Mehmet Fahri"]
[Result "1-0"]
[WhiteElo "2237"]
[BlackElo "2091"]
[PlyCount "117"]
[EventDate "2009.01.27"]

1. e4 c5 2. Nc3 d6 3. f4 Nc6 4. Nf3 e6 5. g3 Be7 6. Bg2 Nf6 7. O-O a6 8. Kh1
Qc7 9. d4 cxd4 10. Nxd4 Nxd4 11. Qxd4 e5 12. Qd3 Be6 13. b3 Rc8 14. Bd2 O-O 15.
f5 Bd7 16. g4 h6 17. h4 Nxg4 18. Qg3 h5 19. Bf3 Qd8 20. Bxg4 Bxh4 21. Qg2 hxg4
22. Qxg4 Rxc3 23. Bxc3 Qg5 24. Qxg5 Bxg5 25. Bb4 Bc6 26. Rfe1 Rd8 27. c4 g6 28.
fxg6 f5 29. Rad1 Be7 30. c5 dxc5 31. Rxd8+ Bxd8 32. Bxc5 Bxe4+ 33. Kh2 Kg7 34.
Bd6 Bf6 35. Rg1 Bf3 36. Kg3 Bc6 37. Kf2 Be8 38. Bb8 Bxg6 39. Rc1 Bh4+ 40. Kf1
Kf6 41. Rc7 f4 42. Rxb7 Bd3+ 43. Kg1 f3 44. Ba7 Kf5 45. a4 Be1 46. b4 Ke4 47.
b5 a5 48. Bf2 Bd2 49. Rd7 Bf4 50. b6 Ba6 51. Ra7 Bc8 52. Rxa5 Kd3 53. Ra8 Bb7
54. Ra7 Bd5 55. Rd7 Ke2 56. Rxd5 e4 57. Rb5 Bc1 58. Re5 e3 59. Bxe3 1-0

[Event "Gibtelecom Masters"]
[Site "Gibraltar"]
[Date "2009.01.31"]
[Round "5.53"]
[White "Urbina Perez, Juan Antonio"]
[Black "Madland, Kristoffer"]
[Result "1-0"]
[WhiteElo "2215"]
[BlackElo "1992"]
[PlyCount "55"]
[EventDate "2009.01.27"]

1. e4 c5 2. Nf3 d6 3. d4 cxd4 4. Nxd4 Nf6 5. Nc3 a6 6. Bg5 e6 7. f4 Nbd7 8. Qf3
Qc7 9. O-O-O Be7 10. g4 b5 11. Bxf6 Nxf6 12. g5 Nd7 13. f5 Ne5 14. Qh3 b4 15.
Nce2 Bxg5+ 16. Kb1 Bb7 17. fxe6 Bxe4 18. Bg2 d5 19. Bxe4 dxe4 20. exf7+ Qxf7
21. Ne6 Bf6 22. Qb3 a5 23. N2d4 Ra6 24. Qd5 Ra7 25. Qb5+ Ke7 26. Qc5+ Ke8 27.
Qc8+ Ke7 28. Nf5# 1-0

[Event "Gibtelecom Masters"]
[Site "Gibraltar"]
[Date "2009.01.31"]
[Round "5.54"]
[White "Kvisla, Johannes Luangtep"]
[Black "Fairbairn, Stephen"]
[Result "1-0"]
[WhiteElo "2208"]
[BlackElo "2068"]
[PlyCount "73"]
[EventDate "2009.01.27"]

1. e4 d6 2. Nc3 g6 3. f4 Bg7 4. Nf3 Nf6 5. Bc4 O-O 6. d3 c5 7. O-O Nc6 8. Ne2
a6 9. a3 b5 10. Ba2 Qb6 11. Kh1 e6 12. Qe1 d5 13. e5 Nd7 14. c3 d4 15. cxd4
cxd4 16. Qf2 Nc5 17. Rd1 Rd8 18. Qh4 Bb7 19. b4 Na4 20. Ng5 h6 21. Ne4 Ne7 22.
Qxe7 Bxe4 23. dxe4 d3 24. Ng1 Nc3 25. Bd2 Nxd1 26. Rxd1 Qd4 27. f5 Rd7 28. Qc5
gxf5 29. exf5 Qxc5 30. bxc5 Rc7 31. fxe6 fxe6 32. Bxe6+ Kh8 33. c6 Re7 34. Bd7
Bxe5 35. Nf3 Bc7 36. Bxh6 Rh7 37. Bd2 1-0

[Event "Gibtelecom Masters"]
[Site "Gibraltar"]
[Date "2009.01.31"]
[Round "5.55"]
[White "Suez-Panama, Gilles"]
[Black "Bravetti, Antonio"]
[Result "1-0"]
[WhiteElo "2032"]
[BlackElo "2205"]
[PlyCount "81"]
[EventDate "2009.01.27"]

1. d4 d6 2. Nf3 g6 3. c4 Bg7 4. Nc3 e5 5. d5 f5 6. e4 Nf6 7. Bd3 O-O 8. O-O Na6
9. Bg5 Qe8 10. Bxf6 Bxf6 11. Re1 Bd7 12. a3 c5 13. Rb1 f4 14. Nd2 g5 15. Be2
Bd8 16. Nb5 Rf6 17. Bh5 Rg6 18. Nxd6 Rxd6 19. Bxe8 Bxe8 20. b4 Rc8 21. h4 Rc7
22. hxg5 Bxg5 23. Nf3 Bf6 24. Qd3 Rg7 25. Kf1 b6 26. Ke2 Bg6 27. Rh1 cxb4 28.
axb4 Nc7 29. Nh4 Bxh4 30. Rxh4 Ne6 31. Kf1 a5 32. c5 bxc5 33. bxa5 Rd8 34. Qc4
Nd4 35. f3 Bxe4 36. fxe4 f3 37. Rh2 Rf8 38. d6+ Kh8 39. gxf3 Nxf3 40. Kf2 Nd2+
41. Ke1 1-0

[Event "Gibtelecom Masters"]
[Site "Gibraltar"]
[Date "2009.01.31"]
[Round "5.57"]
[White "Hagesaether, Arne"]
[Black "Skage, Oystein Aagedal"]
[Result "1/2-1/2"]
[WhiteElo "2184"]
[BlackElo "1925"]
[PlyCount "62"]
[EventDate "2009.01.27"]

1. e4 c5 2. Nc3 Nc6 3. f4 g6 4. Nf3 Bg7 5. Bb5 Nd4 6. O-O Nxb5 7. Nxb5 d5 8.
exd5 a6 9. Nc3 Nf6 10. d4 Nxd5 11. dxc5 Nxc3 12. Qxd8+ Kxd8 13. bxc3 Bxc3 14.
Rb1 Kc7 15. Rb3 Bf6 16. Bb2 Be6 17. Bxf6 exf6 18. Rb6 Rhd8 19. Rfb1 Ra7 20.
R1b4 Rd5 21. Nd4 Rxc5 22. Nxe6+ fxe6 23. Rxe6 Rxc2 24. a4 Rc6 25. Re7+ Kb8 26.
Rd4 Ra8 27. Rxh7 Ka7 28. Rg7 f5 29. Kf2 Kb6 30. Rb4+ Ka5 31. Rgxb7 Rac8 1/2-1/2

[Event "Gibtelecom Masters"]
[Site "Gibraltar"]
[Date "2009.01.31"]
[Round "5.59"]
[White "Forsaa, Espen"]
[Black "Mundaca Alvarez, Juan Carl"]
[Result "1-0"]
[WhiteElo "2322"]
[BlackElo "2105"]
[PlyCount "67"]
[EventDate "2009.01.27"]

1. d4 f5 2. e4 fxe4 3. Nc3 Nf6 4. Bg5 Nc6 5. d5 Ne5 6. Qe2 d6 7. O-O-O Bf5 8.
Qb5+ Kf7 9. h3 h6 10. Be3 b6 11. Nge2 a6 12. Qb3 g6 13. Nd4 b5 14. a4 Nc4 15.
Bxc4 bxc4 16. Qxc4 h5 17. Ne6 Qc8 18. Ng5+ Kg8 19. Ngxe4 Bg7 20. Rhe1 e5 21.
dxe6 Bxe6 22. Qd3 Bf5 23. Bd4 Nxe4 24. Nxe4 d5 25. Qb3 Bxe4 26. Rxe4 Qf5 27.
Re2 Qg5+ 28. Qe3 Qxg2 29. Qe6+ Kh7 30. Qd7 Rhg8 31. Re7 Qg5+ 32. Kb1 Qh6 33.
Be3 Rab8 34. Bxh6 1-0

[Event "Gibtelecom Masters"]
[Site "Gibraltar"]
[Date "2009.01.31"]
[Round "5.60"]
[White "White, Michael J R"]
[Black "Fryer, David W"]
[Result "1-0"]
[WhiteElo "2251"]
[BlackElo "2080"]
[PlyCount "77"]
[EventDate "2009.01.27"]

1. e4 e5 2. Nf3 Nc6 3. d4 exd4 4. Nxd4 Nf6 5. Nxc6 bxc6 6. e5 Qe7 7. Qe2 Nd5 8.
c4 Nb6 9. Nc3 a5 10. Qe4 Bb7 11. Be3 Rb8 12. c5 Nd5 13. Nxd5 cxd5 14. Qd4 Bc6
15. Qc3 Qh4 16. Bd4 Be7 17. O-O-O O-O 18. Kb1 Rb4 19. g3 Qh5 20. Rd2 f5 21. f4
Rfb8 22. Be2 Qf7 23. Ka1 Bb5 24. Bf3 c6 25. Qe3 Bc4 26. b3 Ba6 27. g4 a4 28.
Bc3 d4 29. Rxd4 Rxd4 30. Qxd4 axb3 31. gxf5 Qxf5 32. Be4 Qf8 33. Qxd7 b2+ 34.
Bxb2 Bxc5 35. Qh3 h6 36. Qe6+ Kh8 37. Qg6 Qg8 38. Bc3 Bc4 39. e6 1-0

[Event "Gibtelecom Masters"]
[Site "Gibraltar"]
[Date "2009.01.31"]
[Round "5.62"]
[White "Daoudi, Kamal"]
[Black "Lumsdon, Andrew"]
[Result "1-0"]
[WhiteElo "2209"]
[BlackElo "2051"]
[PlyCount "61"]
[EventDate "2009.01.27"]

1. e4 c6 2. d4 d5 3. Nc3 dxe4 4. Nxe4 Nf6 5. Nxf6+ gxf6 6. c3 Bf5 7. Bc4 Qc7 8.
Ne2 Nd7 9. Ng3 Bg6 10. f4 f5 11. O-O e6 12. a4 h5 13. b4 h4 14. Nh1 Be7 15. Nf2
Nf6 16. Nd3 Ne4 17. Bb2 Bh5 18. Qe1 O-O-O 19. Ne5 Rdg8 20. Bd3 Nf6 21. c4 Rh7
22. d5 cxd5 23. cxd5 Qb6+ 24. Kh1 Nxd5 25. Rc1+ Kd8 26. Nc4 Qxb4 27. Qe5 Ke8
28. Qb8+ Bd8 29. Nd6+ Ke7 30. Nxf5+ Ke8 31. Bb5+ 1-0

[Event "Gibtelecom Masters"]
[Site "Gibraltar"]
[Date "2009.01.31"]
[Round "5.63"]
[White "De Groote, Ewoud"]
[Black "Gandrud, Vegar Koi"]
[Result "1/2-1/2"]
[WhiteElo "2203"]
[BlackElo "2046"]
[PlyCount "56"]
[EventDate "2009.01.27"]

1. e4 c5 2. Nf3 d6 3. d4 cxd4 4. Nxd4 Nf6 5. Nc3 a6 6. Be3 e6 7. f3 b5 8. Qd2
Nbd7 9. O-O-O Bb7 10. g4 h6 11. h4 b4 12. Na4 Qa5 13. b3 Nc5 14. a3 Nxa4 15.
axb4 Qc7 16. bxa4 d5 17. e5 Nd7 18. f4 Nb6 19. Rh3 Nxa4 20. c4 a5 21. Nb5 Qc6
22. bxa5 Ba6 23. Qc2 Bxb5 24. cxb5 Ba3+ 25. Kd2 Bb4+ 26. Kc1 Ba3+ 27. Kd2 Bb4+
28. Kc1 Ba3+ 1/2-1/2

[Event "Gibtelecom Masters"]
[Site "Gibraltar"]
[Date "2009.01.31"]
[Round "5.64"]
[White "Fox, Anthony"]
[Black "Van Den Bersselaar, Jeroen"]
[Result "1/2-1/2"]
[WhiteElo "2085"]
[BlackElo "2191"]
[PlyCount "133"]
[EventDate "2009.01.27"]

1. e4 c6 2. d4 d5 3. Nd2 dxe4 4. Nxe4 Bf5 5. Ng3 Bg6 6. h4 h6 7. Nf3 Nd7 8. h5
Bh7 9. Bd3 Bxd3 10. Qxd3 e6 11. Bf4 Qa5+ 12. Bd2 Bb4 13. Ne4 Ngf6 14. Nd6+ Ke7
15. Nc4 Bxd2+ 16. Nfxd2 Qc7 17. Ne4 Nxe4 18. Qxe4 Rhd8 19. O-O-O Nf6 20. Qf3
Rd5 21. Ne3 Ra5 22. Kb1 Rd8 23. g4 Ra4 24. c3 Qa5 25. a3 Qb5 26. Ka2 Ra6 27. c4
Qa5 28. Rhe1 Kf8 29. Nc2 b5 30. Re5 Nd7 31. Rxe6 bxc4 32. Rxc6 Rb8 33. Rxc4
Rab6 34. b4 Qg5 35. Qf5 Qe7 36. Re1 Qd6 37. g5 hxg5 38. Qxg5 Rb5 39. Qh4 a5 40.
Rh1 Qe6 41. d5 Qxd5 42. h6 gxh6 43. Qxh6+ Ke7 44. Qh4+ Nf6 45. Re1+ Kd7 46. Rd1
Qxd1 47. Rd4+ Qxd4 48. Nxd4 R5b6 49. b5 Rd6 50. Qf4 Rbb6 51. a4 Ke8 52. Nf5 Rd3
53. Qe5+ Kd8 54. Qe7+ Kc8 55. Qf8+ Kb7 56. Qxf7+ Nd7 57. Qe7 Rd2+ 58. Kb3 Rf6
59. Kc3 Rd5 60. Ne3 Rc5+ 61. Kb3 Kc7 62. Qg7 Rd6 63. Nc4 Rd3+ 64. Kc2 Rf3 65.
b6+ Kc6 66. Qg6+ Nf6 67. Qf7 1/2-1/2

[Event "Gibtelecom Masters"]
[Site "Gibraltar"]
[Date "2009.01.31"]
[Round "5.65"]
[White "Cafolla, Peter"]
[Black "Walton, Alan J"]
[Result "0-1"]
[WhiteElo "2013"]
[BlackElo "2189"]
[PlyCount "54"]
[EventDate "2009.01.27"]

1. d4 e6 2. e4 d5 3. e5 c5 4. c3 Nc6 5. Nf3 Qb6 6. a3 Nh6 7. b4 cxd4 8. cxd4
Nf5 9. Bb2 Bd7 10. Be2 Be7 11. O-O f6 12. g4 Nh6 13. h3 O-O 14. Nc3 fxe5 15.
Nxe5 Nxe5 16. dxe5 Bh4 17. Qe1 Nf7 18. Nd1 Ng5 19. Qd2 Nxh3+ 20. Kh2 Nxf2 21.
Nxf2 Bxf2 22. Bc1 Bd4 23. Bb2 Bf2 24. Bc1 Qd4 25. Qb2 Rac8 26. Ra2 Qe4 27. Kh3
Bd4 0-1

[Event "Gibtelecom Masters"]
[Site "Gibraltar"]
[Date "2009.01.31"]
[Round "5.66"]
[White "Van Heirzeele, Daniel"]
[Black "Dasaolu, Adeoye"]
[Result "1-0"]
[WhiteElo "2189"]
[BlackElo "2024"]
[PlyCount "111"]
[EventDate "2009.01.27"]

1. d4 Nf6 2. c4 c5 3. d5 b5 4. Nf3 d6 5. cxb5 a6 6. e3 g6 7. Nc3 Bg7 8. a4 O-O
9. e4 Nbd7 10. h3 Ne8 11. Bd2 Nc7 12. Be2 Rb8 13. Rb1 Ne5 14. Nxe5 Bxe5 15. O-O
axb5 16. Nxb5 Nxb5 17. axb5 f5 18. b4 fxe4 19. bxc5 dxc5 20. Qc2 Qd6 21. Be3
Bd4 22. Rb3 Bb7 23. Bc4 Bxd5 24. Re1 e6 25. Rd1 Qe5 26. Re1 Rf7 27. Ra3 Rbf8
28. Rf1 g5 29. Be2 h6 30. Qd2 Qg7 31. Ra4 e5 32. Ra6 Rf6 33. Rxf6 Qxf6 34. Rb1
Qb6 35. Rc1 Rf7 36. Rc2 Kg7 37. Rc1 Ra7 38. Rc2 Rc7 39. Qc1 Bb3 40. Rb2 c4 41.
Rb1 Bxe3 42. fxe3 Qxb5 43. Qc3 Qc5 44. Ra1 Qd6 45. Bg4 Re7 46. Be2 Qb6 47. Ra5
Kf6 48. Kf2 Qc7 49. Bg4 Qd6 50. Ra8 Kg7 51. Bh5 Bd1 52. Qxc4 Qd2+ 53. Kg1 Bxh5
54. Qg8+ Kf6 55. Ra6+ Kf5 56. g4+ 1-0

[Event "Gibtelecom Masters"]
[Site "Gibraltar"]
[Date "2009.01.31"]
[Round "5.69"]
[White "Tsifanskaya, Ludmila A"]
[Black "Hickman, John E"]
[Result "1/2-1/2"]
[WhiteElo "2149"]
[BlackElo "2002"]
[PlyCount "98"]
[EventDate "2009.01.27"]

1. e4 d6 2. d4 Nf6 3. Nc3 g6 4. g3 Bg7 5. Bg2 O-O 6. Nge2 Nbd7 7. O-O c5 8. h3
Rb8 9. a4 b6 10. Be3 a6 11. g4 cxd4 12. Bxd4 Nc5 13. Ng3 h6 14. Nd5 e5 15.
Nxf6+ Bxf6 16. Be3 Bg5 17. Qd2 Qe7 18. b3 Bb7 19. Rad1 Rfd8 20. f4 Bh4 21. Bxc5
dxc5 22. Qe3 exf4 23. Qxf4 Bg5 24. Qf2 Rxd1 25. Rxd1 Bf6 26. Ne2 Re8 27. Qf4
Bg5 28. Qd6 Bxe4 29. Qxe7 Rxe7 30. Bxe4 Rxe4 31. Kf2 Re6 32. Nc3 Be3+ 33. Kf3
Bd4 34. Nd5 b5 35. axb5 axb5 36. c3 Bg7 37. Ra1 Rd6 38. Ra8+ Kh7 39. c4 bxc4
40. bxc4 Bd4 41. Ra7 Kg7 42. h4 Re6 43. Nc7 Re7 44. Nb5 Rxa7 45. Nxa7 f5 46. h5
fxg4+ 47. Kxg4 g5 48. Kf5 Kf7 49. Nc8 Bf2 1/2-1/2